000 004640000a22001810004500
003 MACL
005 20160105115322.0
008 160105b xxu||||| |||| 00| 0 eng d
040 _aMACL
_cMACL
041 _aEnglish
082 _a823/RAI
100 _aRaina, Asoka
_927762
245 _aInside Raw The Story of India's Secret Service
260 _bVikash Publishing House
_c1981
_aDelhi
350 _a35
650 _aFiction
_927763
942 _cBK
_k823/Rai
_2ddc
999 _c33932
_d33932